000 01044nam a2200277Ia 4500
003 OSt
005 20221005110544.0
006 a|||||r|||| 00| 0
007 ta
008 221004b |||||||| |||| 00| 0 hin d
020 _a9788126318810 (hbk)
_c100
024 _a121081
037 _b13336, 23/07/2012, Kitab Ghar
_cTextual
040 _aCRL
_cCRL
_bhin
041 _2hin
_ahin
082 _aO158,3N42,AH, 152Q0
100 _aगोस्वामी, इन्दिरा
245 0 _aअहिरन
246 _aAhirana
260 _aनई दिल्ली
_bभारतीय ज्ञानपीठ भारत
_c2010
300 _a115पृ0
_ccm.
650 _aहिन्दी साहित्य
700 _a चटर्जी, बुद्धदेव, अनु.
942 _hO158,3N42,AH, 152Q0
_cTEXL
_2cc
999 _c1019190
_d1019190